El siglo de las luces

Saved in:
Bibliographic Details
Main Author: Carpentier, Alejo (Author)
Format: Book
Language:Spanish
Published: Santiago Seix Barral 1985
Edition:1a. ed
Series:Literatura Contemporánea, 17
Subjects:
Tags: Add Tag
No Tags, Be the first to tag this record!

MARC

LEADER 00000cam a2200000 a 4500
001 UCE9398
003 CL-VaPUC
008 151022e19850000cl |||||||||||||||||spa|d
082 0 4 |a 863  |b CAR  |2 21 
100 0 |a Carpentier, Alejo  |e author  |9 317536 
245 1 3 |a El siglo de las luces 
250 |a 1a. ed 
300 |a 368 p 
942 |c BK 
945 |d 20151022 17:18:00  |a dcastane 
260 |a Santiago  |b Seix Barral  |c 1985 
650 0 |a Narrativa hispanoamericana  |9 552155 
650 0 |a Literatura cubana  |9 315048 
583 |a last modification  |c 20151022 17:18:00  |k Rodrigo Vera 
490 0 |a Literatura Contemporánea, 17 
999 |c 361062  |d 361060 
952 |0 0  |1 0  |3 erb  |4 0  |6 863_000000000000000_CAR_1985  |7 0  |8 C  |9 471384  |a BIBCUR  |b BIBCUR  |i 5205867  |o 863 CAR 1985  |p 5205867  |r 2025-04-22  |w 2019-11-24  |y BK  |z Catalogado en:20151022  |k CAC